Aug. H. Škultétyho A Pavla Dobšinského Slovenské Povesti sošit 14 Dalajláma Berona Kozičky

Bibliographic Details
Other Authors: Škultéty, August Horislav, 1819-1892 (Compiler), Dobšinský, Pavol, 1828-1885 (Compiler), Salva, Karol, 1849-1913 (Printer)
Format: Book
Language:Slovak
PhysicalDescription:S.423-454 14 cm
Published: V Ružomberku Tlačou kníhtlačiarne Karla Salvu 1894
Edition:Druhé vydanie
Subjects:

MARC

LEADER 00000cam a2200000 a 4500
001 vtls011739340
003 SK-MaSNL
005 20260301044514.0
008 200104s1894 xo a j 000nj slo
015 |a SNBHFA1894 
035 |a urn:nbn:sk:snk-am00d0sy 
035 |a urn:nbn:sk:snk-am3hhsr 
035 |a 43696833-9396-4CD1-A9BC-FCD718897701 
040 |a SNKHF  |b slo  |c SNK  |e AACR2 
041 0 |a slo 
044 |a xo  |c SK 
072 7 |a 398  |x Folklór  |2 konspekt 
072 7 |a 821.162.4  |x Slovenská literatúra  |2 konspekt 
080 |a 398.21  |2 2011 
080 |a 821.162.4  |2 2011 
245 0 0 |a Aug. H. Škultétyho A Pavla Dobšinského Slovenské Povesti  |n sošit 14  |p Dalajláma  |p Berona  |p Kozičky  |c vydáva Karol Salva 
246 3 0 |a Dalajláma 
246 3 0 |a Berona 
246 3 0 |a Kozičky 
250 |a Druhé vydanie 
260 |a V Ružomberku  |b Tlačou kníhtlačiarne Karla Salvu  |c 1894 
300 |a S.423-454  |c 14 cm 
500 |a Ozdobné iniciály 
504 |a Poznámky pod textom 
655 7 |a slovenské ľudové rozprávky  |2 SNKPH  |9 239440 
700 1 |a Škultéty, August Horislav,  |d 1819-1892  |4 com  |9 109730 
700 1 |a Dobšinský, Pavol,  |d 1828-1885  |4 com  |9 242422 
700 1 |a Salva, Karol,  |d 1849-1913  |4 pbl  |4 prt  |9 93017 
740 0 2 |a Dalajláma 
740 0 2 |a Berona 
740 0 2 |a Kozičky 
752 |a Slovensko  |d Ružomberok 
852 |a SNK  |p SE 45/14 
958 |a ONDV 
999 |c 596146  |d 598076 
952 |a SNK  |b SNK  |y PREZ  |7 0  |p 17A1299478  |o snkSE 45/14  |i snkK 2420/1967  |8 3  |0 0  |1 0  |4 0  |d 2018-01-30  |f 1  |l 0  |r 2026-02-23 15:39:06  |w 2026-02-23